La morigeración del daño. Su novedad en el código civil y comercial de la nación (Registro nro. 32122)

Detalles MARC
000 -LEADER
fixed length control field 00416 a2200121 4500
001 - CONTROL NUMBER
control field ART_59940
005 - DATE AND TIME OF LATEST TRANSACTION
control field 20260410162010.0
008 - FIXED-LENGTH DATA ELEMENTS--GENERAL INFORMATION
fixed length control field 260409a
100 1# - MAIN ENTRY--PERSONAL NAME
Personal name Fossaceca, Carlos Alberto (h)
245 10 - TITLE STATEMENT
Title La morigeración del daño. Su novedad en el código civil y comercial de la nación
700 1# - ADDED ENTRY--PERSONAL NAME
Personal name Moreyra, Pilar
773 0# - HOST ITEM ENTRY
Title Temas de derecho civil
Related parts - Año 9, N° 12 (dic. 2023)
Record control number REV34778

No hay ítems disponibles.